Antara bulan dan wira

Bibliographic Details
Main Author: Abdul Samad Said
Format: Book
Published: Kuala Lumpur : DBP , 1992
Subjects:

MARC

LEADER 00000cam a2200000 7i4500
001 0000006583
002 000007101
005 20000330.0
020 |a 9836231234 
090 0 0 |a F   |b ABD 
100 0 |a Abdul Samad Said 
245 1 0 |a Antara bulan dan wira   |c A. Samad Said 
260 |a Kuala Lumpur :   |b DBP ,   |c 1992 
300 |a 666 p. ;   |c 20 cm. 
650 0 0 |a Malay literature 
999 |a 039865   |b BUKU   |c PINJAMAN   |e PERPUSTAKAAN KOMUNITI PETALING JAYA